00306nam a22000857a 4500008004100000082001700041245011200058260003500170300001500205230612b xxu||||| |||| 00| 0 eng d a354.676bGOK a2002/2003 Estimates of Recurrent Expenditure of the Government of Kenya for the Year Ending 30th June, 2003 aNairobi,KenyabGOKcJune, 2002 aVIII,1011p